Multiple Choice State Quiz – California - Statistics

General Stats
  • This quiz has been taken 47 times
  • The average score is 9 of 10
Answer Stats
Question Answer % Correct
The prison island in the San Francisco Bay is ... Alcatraz Island
100%
What famous tree species is native here? Giant Sequoia
98%
What is the capital of California? Sacramento
98%
What state borders California? Oregon
95%
What is the flag of California?
93%
What notable suburb of Los Angeles has the zip code, "90210"? Beverly Hills
90%
California is #1 in what rank? Population
88%
What valley doesn't come from California? Cauca Valley
80%
The motto is what famous quote? Eureka
65%
California's nickname has the name of what element? Gold
65%
No matching quizzes found
Score Distribution
Percent of People with Each Score
Percentile by Number Answered
Your Score History
You have not taken this quiz